000 00511nam a2200217Ia 4500
003 OSt
005 20220928134925.0
006 a|||||r|||| 00| 0
007 ta
008 220927b |||||||| |||| 00| 0 eng d
024 _a280
037 _cTextual
040 _aSDCL
_cSDCL
_beng
041 _2eng
_aeng
082 _aX, L8
100 _aMurray Wolfson
_9489118
245 0 _aTextbook of economics
260 _c1978
942 _hX, L8
_cTEXL
_2CC
999 _c804329
_d804329